000
00305nam a2200109Ia 4500
005
20251222143244.0
008
251222s9999||||xx |||||||||||||| ||spa||
082
_a
338.642/C46V
245
0
_a
Inventario de Estudios e Investigaciones sobre la Pequeña y Mediana Industria
264
_b
CINSEYT
942
_c
LIB
999
_c
14694
_d
14694